| 000 | 00460nam a2200181Ia 4500 | ||
|---|---|---|---|
| 001 | 17874 | ||
| 005 | 20260306171549.0 | ||
| 008 | 260306s9999||||xx |||||||||||||| ||und|| | ||
| 041 | _aESP | ||
| 082 |
_a658.3 _bC95G 2017 |
||
| 100 |
_aCuesta Santos, Armando _eAUT |
||
| 245 | 0 | _aGestión del talento humano y del conocimiento | |
| 260 | _c2017 | ||
| 300 |
_axxxiii, 539 páginas : _c24 cm. |
||
| 650 | _aGEN | ||
| 654 | _aCAN | ||
| 942 |
_cLIB _dJUS _fJUS _2ddc _n |
||
| 999 |
_c17874 _d17874 |
||